[Event "Druzynowe Mistrzostwa Polski Juniorow - II Liga"]
[Site "Iwonicz"]
[Date "2016-07-31"]
[Round "6.61"]
[White "Sloniewski, Kacper"]
[Black "Mrozowski, Patryk"]
[Result "0-1"]
[WhiteTitle "II"]
[BlackTitle "I++"]
[WhiteElo "1168"]
[BlackElo "1901"]

1. c4 Nf6 2. g3 g6 3. Bg2 Bg7 4. Nc3 d6 5. d3 O-O 6. e4 c5 7. Nge2 Ne8 8. Be3 Nc6
9. d4 cxd4 10. Nxd4 Ne5 11. b3 Ng4 12. Qd2 Nxe3 13. Qxe3 e5 14. Nde2 f5 15. exf5
Rxf5 16. O-O Rh5 17. f4 Nf6 18. Bf3 Ng4 19. Bxg4 Bxg4 20. Rae1 Qd7 21. Nd5 exf4
22. Nexf4 Re5 23. Qd2 Rae8 24. Nd3 Re2 25. Rxe2 Rxe2 26. Qf4 Bf5 27. Nc1 Re4 28.
Qf2 Qd8 29. Kg2 Qc8 30. Re1 Bh3+ 31. Kh1 Qe6 32. Nd3 Bd4 33. Qd2 Qg4 34. Qd1 Rxe1+
35. Qxe1 Qf3# 0-1

[Event "Druzynowe Mistrzostwa Polski Juniorow - II Liga"]
[Site "Iwonicz"]
[Date "2016-07-31"]
[Round "6.62"]
[White "Drabek, Jan"]
[Black "Nowacka, Dorota"]
[Result "1/2-1/2"]
[WhiteTitle "I"]
[BlackTitle "I"]
[WhiteElo "1727"]
[BlackElo "1415"]

1. d4 Nf6 2. Nf3 d6 3. g3 g6 4. Bg2 Bg7 5. O-O O-O 6. c4 c6 7. Nc3 h6 8. b3 Nbd7
9. Bb2 e6 10. Qc2 d5 11. Rad1 b6 12. e4 Ba6 13. Nd2 Rc8 14. Rfe1 b5 15. Ne2 bxc4
16. bxc4 Nb6 17. exd5 cxd5 18. c5 Nc4 19. Nxc4 Bxc4 20. Bc3 Qd7 21. Rb1 Rb8 22.
Nf4 g5 23. Nd3 Rxb1 24. Rxb1 Ne4 25. Ba1 f5 26. f3 Bxd3 27. Qxd3 Nf6 28. Qa6 Rf7
29. Bc3 Ne8 30. Bf1 Qd8 31. Qxe6 Nc7 32. Qc6 Qe7 33. Re1 Bxd4+ 34. Bxd4 Qxe1 35.
Qxh6 Rh7 36. Qxg5+ Kf8 37. Qxf5+ Rf7 38. Qc8+ Ne8 39. f4 Qe4 40. Be5 Qe3+ 41.
Kg2 Qd2+ 42. Kg1 Qe3+ 43. Kg2 Qd2+ 44. Kg1 1/2-1/2

[Event "Druzynowe Mistrzostwa Polski Juniorow - II Liga"]
[Site "Iwonicz"]
[Date "2016-07-31"]
[Round "6.63"]
[White "Syrkiewicz, Michal"]
[Black "Jaszczuk, Mateusz"]
[Result "0-1"]
[WhiteTitle "II"]
[BlackTitle "II"]
[WhiteElo "1389"]
[BlackElo "1337"]

1. c4 c5 2. g3 Nc6 3. Bg2 g6 4. Nc3 Bg7 5. e4 d6 6. Nge2 Nf6 7. d3 O-O 8. O-O Rb8
9. h3 a6 10. a4 Ne8 11. Be3 Bd7 12. Kh2 Nc7 13. d4 cxd4 14. Nxd4 Ne6 15. Nde2
Nb4 16. Rb1 b6 17. Nd5 Nxd5 18. cxd5 Nc5 19. b3 a5 20. Bd4 Bxd4 21. Nxd4 b5 22.
axb5 Bxb5 23. Rg1 Qc7 24. Nxb5 Rxb5 25. Re1 Rfb8 26. Re3 a4 27. Bf1 Rxb3 28. Rexb3
Rxb3 29. Ra1 Qb6 30. Qd4 Rb1 31. Bc4 Qb4 32. Rxb1 Qxb1 33. f3 a3 34. Qd2 Qb2 35.
Qxb2 axb2 36. Ba2 Na4 0-1

[Event "Druzynowe Mistrzostwa Polski Juniorow - II Liga"]
[Site "Iwonicz"]
[Date "2016-07-31"]
[Round "6.64"]
[White "Gazda, Dominik"]
[Black "Sloniewska, Agata"]
[Result "1-0"]
[WhiteTitle "II"]
[BlackTitle "II"]
[WhiteElo "1223"]
[BlackElo "1028"]

1. e4 e6 2. Nf3 d5 3. exd5 exd5 4. d4 Bd6 5. Bd3 Ne7 6. c3 Nbc6 7. Be3 Bg4 8. Nbd2
f6 9. Qc2 Qd7 10. h3 Be6 11. g4 g6 12. Bh6 O-O-O 13. Bg7 Rhg8 14. Bxf6 Bxg4 15.
hxg4 Qe6+ 16. Be5 Bxe5 17. dxe5 Nxe5 18. O-O-O Nxg4 19. Rxh7 Qf6 20. Re1 Nc6 21.
Re2 Na5 22. Ree7 Qc6 23. Rxc7+ Qxc7 24. Rxc7+ Kxc7 25. Qa4 Nc6 26. Qxg4 1-0

[Event "Druzynowe Mistrzostwa Polski Juniorow - II Liga"]
[Site "Iwonicz"]
[Date "2016-07-31"]
[Round "6.65"]
[White "Dabrowska, Aleksandra"]
[Black "Winter, Anna"]
[Result "0-1"]
[WhiteTitle "I"]
[BlackTitle "I"]
[WhiteElo "1371"]
[BlackElo "1374"]

1. e4 d5 2. exd5 Qxd5 3. Nc3 Qd6 4. d4 Nf6 5. Nf3 c6 6. Ne5 Bf5 7. Bf4 Qd8 8. Be2
e6 9. Nc4 Be7 10. O-O O-O 11. h3 Nd5 12. Bh2 Bg6 13. Bf3 Re8 14. Ne4 Bxe4 15.
Bxe4 Nd7 16. c3 N7f6 17. Bc2 h6 18. Qd3 b5 19. Nd2 a6 20. Be5 Rc8 21. Qg3 Nh5
22. Qf3 Nhf6 23. Qg3 Nh5 24. Qd3 Nhf6 25. b3 Qd7 26. b4 Bd6 27. Rfe1 Red8 28.
Nb3 Qe7 29. a3 Nb6 30. Nc5 Bxc5 31. bxc5 Nbd7 32. Bd6 Qe8 33. Re3 Nf8 34. Rg3
Ng6 35. f4 Ne7 36. Rf3 g6 37. g4 Qd7 38. g5 hxg5 39. fxg5 Nh7 40. Qd2 Nf5 41.
Be5 Qd5 42. Raf1 Qxe5 43. Bxf5 exf5 44. Qc1 Qe7 45. h4 Re8 46. c4 Qe4 47. Rf4
Qe3+ 48. Qxe3 Rxe3 49. cxb5 axb5 50. R4f3 Rce8 51. Kf2 Rxf3+ 52. Kxf3 Re4 53.
Rd1 Rxh4 54. d5 cxd5 55. Rxd5 Nxg5+ 0-1

[Event "Druzynowe Mistrzostwa Polski Juniorow - II Liga"]
[Site "Iwonicz"]
[Date "2016-07-31"]
[Round "6.67"]
[White "Zylinski, Piotr"]
[Black "Szydelko, Michal"]
[Result "1-0"]
[WhiteTitle "I"]
[BlackTitle "I"]
[WhiteElo "1577"]
[BlackElo "1622"]

1. d4 Nf6 2. Nf3 e6 3. e3 d5 4. Bd3 Be7 5. Nbd2 O-O 6. Ne5 Nbd7 7. f4 c5 8. b3
cxd4 9. exd4 Bb4 10. Bb2 Qa5 11. Nef3 Bc3 12. Bxc3 Qxc3 13. O-O Re8 14. Qe2 a6
15. a4 Nf8 16. Qe3 Ng6 17. Ne5 Qc7 18. Ndf3 Ne7 19. Ng5 Rf8 20. g4 Nc6 21. Qh3
g6 22. Nxc6 bxc6 23. Kh1 c5 24. Qh6 c4 25. bxc4 dxc4 26. Be4 Bb7 27. Rae1 Rfd8
28. c3 Bxe4+ 29. Rxe4 Qe7 30. f5 Qf8 31. Qh4 exf5 32. gxf5 Qg7 33. Re7 Rd7 34.
Rxd7 Nxd7 35. fxg6 hxg6 36. Rxf7 Qxf7 37. Nxf7 Kxf7 38. Qf4+ Nf6 39. Qc7+ Kg8
40. Qxc4+ Kg7 1-0

[Event "Druzynowe Mistrzostwa Polski Juniorow - II Liga"]
[Site "Iwonicz"]
[Date "2016-07-31"]
[Round "6.68"]
[White "Majocha, Piotr"]
[Black "Radecki, Adam"]
[Result "1/2-1/2"]
[WhiteTitle "I"]
[BlackTitle "I"]
[WhiteElo "1751"]
[BlackElo "1595"]

1. Nf3 g6 2. g3 Bg7 3. Bg2 c5 4. c4 Nc6 5. Nc3 d6 6. d3 e5 7. O-O Nge7 8. a3 O-O
9. Rb1 a5 10. Bd2 Rb8 11. Ne1 Be6 12. Nc2 f5 13. b4 b6 14. Nd5 axb4 15. Nxe7+
Nxe7 16. axb4 Qd7 17. Bg5 Nc6 18. b5 Nd8 19. Bxd8 Rfxd8 20. Ne3 Kf8 21. Bd5 Bxd5
22. Nxd5 Rb7 23. e4 Kg8 24. Ra1 Rdb8 25. Ra6 Kf8 26. Qe2 Qf7 27. Rfa1 f4 28. f3
Bf6 29. Ra8 Bd8 30. Rxb8 Rxb8 31. Ra6 fxg3 32. hxg3 Kg7 33. Kg2 g5 34. Qa2 h5
35. Ra7 Rb7 36. Rxb7 Qxb7 37. Ne3 Kg6 38. Nf5 Qb8 39. Qa1 Bf6 40. Ne3 Bd8 41.
Nd5 Kh6 42. Qa6 Kg6 43. Qa1 Kh6 44. Ne3 Bf6 45. Nf5+ Kg6 1/2-1/2

[Event "Druzynowe Mistrzostwa Polski Juniorow - II Liga"]
[Site "Iwonicz"]
[Date "2016-07-31"]
[Round "6.69"]
[White "Panek, Bartosz"]
[Black "Szuber, Dawid"]
[Result "1-0"]
[WhiteTitle "II+"]
[BlackTitle "II"]
[WhiteElo "1679"]
[BlackElo "1268"]

1. e4 e6 2. Nf3 d5 3. e5 c5 4. b4 d4 5. a3 cxb4 6. axb4 Bxb4 7. c3 dxc3 8. Qa4+
Nc6 9. dxc3 Bc5 10. Nbd2 Be7 11. Ne4 Bd7 12. Qb3 Rb8 13. Ba3 Qa5 14. Ra2 Qd5 15.
Qxd5 exd5 16. Nd6+ Bxd6 17. Bxd6 Rc8 18. Kd2 Be6 19. Bb5 a6 20. Bxc6+ Rxc6 21.
Nd4 Rc8 22. Rb1 f6 23. Nxe6 Kf7 24. Nd4 1-0

[Event "Druzynowe Mistrzostwa Polski Juniorow - II Liga"]
[Site "Iwonicz"]
[Date "2016-07-31"]
[Round "6.70"]
[White "Lechman, Gabriel"]
[Black "Piechota, Kamil"]
[Result "1-0"]
[WhiteTitle "II"]
[BlackTitle "II"]
[WhiteElo "1226"]
[BlackElo "1337"]

1. c4 c5 2. g3 g6 3. Bg2 Bg7 4. Nf3 Nc6 5. Nc3 Nh6 6. d3 d6 7. O-O O-O 8. a3 Nf5
9. e3 Bd7 10. Rb1 Rb8 11. Qc2 a6 12. b4 b6 13. Rd1 e6 14. b5 axb5 15. Nxb5 Qe7
16. Bb2 Na5 17. e4 Bxb2 18. exf5 Bg7 19. fxg6 fxg6 20. Qe2 Rf7 21. Nd2 Qf8 22.
Ne4 Bxb5 23. Rxb5 Bd4 24. Rf1 Qe7 25. Bh3 Kg7 26. Qg4 d5 27. cxd5 exd5 28. Ng5
Rxf2 29. Kh1 Rxf1+ 30. Bxf1 h5 31. Ne6+ Kf6 32. Qf4+ Kxe6 33. Bh3# 1-0

[Event "Druzynowe Mistrzostwa Polski Juniorow - II Liga"]
[Site "Iwonicz"]
[Date "2016-07-31"]
[Round "6.71"]
[White "Robakowska, Paulina"]
[Black "Fajt, Patrycja"]
[Result "1-0"]
[WhiteTitle "I"]
[BlackTitle "II"]
[WhiteElo "1341"]
[BlackElo "1069"]

1. d4 Nf6 2. c4 d5 3. Nf3 Bf5 4. e3 e6 5. Nc3 b6 6. cxd5 Nxd5 7. g3 Bb4 8. Bd2
Bxc3 9. Bxc3 Nxc3 10. bxc3 Nd7 11. Nd2 O-O 12. Bg2 Rb8 13. O-O Qf6 14. Re1 c5
15. Rc1 cxd4 16. cxd4 Qe7 17. Rc7 a5 18. g4 Qd8 19. Rxd7 Qxd7 20. gxf5 exf5 21.
Qb1 Rfc8 22. Bh3 g6 23. Qb2 Qe7 24. Rb1 Qg5+ 25. Bg2 f4 26. Nf3 Qf5 27. exf4 Qxf4
28. Kh1 Qd6 29. Qd2 Kg7 30. Qg5 f6 31. Qd2 g5 32. d5 Rd8 33. Nd4 Rbc8 34. Nf5+
Kg6 35. Nxd6 1-0

[Event "Druzynowe Mistrzostwa Polski Juniorow - II Liga"]
[Site "Iwonicz"]
[Date "2016-07-31"]
[Round "6.73"]
[White "Miasik, Adrian"]
[Black "Hladun, Bartlomiej"]
[Result "1-0"]
[WhiteTitle "I"]
[BlackTitle "II"]
[WhiteElo "1950"]
[BlackElo "1469"]

1. d4 c6 2. Nf3 d5 3. e3 Nf6 4. c4 e6 5. Nc3 Nbd7 6. Bd3 dxc4 7. Bxc4 b5 8. Bd3
Bb7 9. O-O a6 10. e4 c5 11. d5 c4 12. Bc2 Bc5 13. dxe6 fxe6 14. e5 Nd5 15. Ng5
Nf8 16. Nce4 Qe7 17. Qf3 Nb4 18. Be3 Bxe4 19. Nxe4 Rc8 20. Bxc5 Rxc5 21. Nxc5
Nxc2 22. Qc6+ Kf7 23. Rad1 Nb4 24. Qd6 Nd5 25. Nxe6 Qxd6 26. Ng5+ Kg6 27. exd6
Nf6 28. Nf3 N8d7 29. Rfe1 b4 30. Ne5+ Nxe5 31. Rxe5 Nd7 32. Re7 Rd8 33. g3 Kf6
34. Re4 Ne5 35. b3 c3 36. f4 Nf3+ 37. Kf2 Nd2 38. Rxb4 Rxd6 39. Rc1 Re6 40. Rxc3
Ne4+ 41. Rxe4 Rxe4 42. Rc6+ Kf5 43. Kf3 1-0

[Event "Druzynowe Mistrzostwa Polski Juniorow - II Liga"]
[Site "Iwonicz"]
[Date "2016-07-31"]
[Round "6.74"]
[White "Pawletko, Szymon"]
[Black "Ciasnocha, Michal"]
[Result "0-1"]
[WhiteTitle "II+"]
[BlackTitle "II"]
[WhiteElo "1543"]
[BlackElo "1460"]

1. e4 e5 2. Nf3 Nc6 3. d4 exd4 4. Bc4 Bb4+ 5. c3 Ba5 6. Nxd4 Nge7 7. Qh5 O-O 8.
O-O d6 9. Bg5 Ne5 10. Nf5 Bxf5 11. exf5 h6 12. Bh4 Nxc4 13. f6 Ng6 14. fxg7 Qxh4
15. gxf8=Q+ Kxf8 16. Qxh4 Nxh4 17. b3 Ne5 18. b4 Bb6 19. Nd2 Re8 20. g3 Nhf3+
21. Nxf3 Nxf3+ 22. Kg2 Ne5 23. Rfe1 Bxf2 24. Rxe5 dxe5 25. Kxf2 f5 26. Re1 Kf7
27. Kf3 h5 28. Rd1 Ke6 29. Ke3 h4 30. Rd2 hxg3 31. hxg3 Rg8 32. Kf3 e4+ 33. Kf2
Rg7 34. Rd8 Rd7 35. Re8+ Kf7 36. Re5 Kf6 37. Rc5 c6 38. g4 fxg4 39. Ke3 g3 40.
Rh5 g2 41. Kf2 Rd2+ 42. Kg1 Rxa2 43. Rh8 Kg5 44. Rg8+ Kf4 45. Rf8+ Ke3 46. Rd8
Rd2 47. Re8 Kd3 48. Re7 e3 49. Rg7 Kxc3 50. Rg3 Re2 51. Rg7 b5 52. Rxa7 Kxb4 53.
Rc7 0-1

[Event "Druzynowe Mistrzostwa Polski Juniorow - II Liga"]
[Site "Iwonicz"]
[Date "2016-07-31"]
[Round "6.75"]
[White "Babiarz, Arkadiusz"]
[Black "Mackowiak, Filip"]
[Result "0-1"]
[WhiteTitle "I"]
[BlackTitle "II+"]
[WhiteElo "1692"]
[BlackElo "1428"]

1. e4 e6 2. d4 d5 3. exd5 exd5 4. Bd3 Bd6 5. Nf3 Nc6 6. Be3 Bg4 7. Nbd2 Nge7 8.
c3 Qd7 9. Qc2 O-O-O 10. O-O Nf5 11. b4 g6 12. Bg5 Rde8 13. b5 Na5 14. Qa4 b6 15.
Nb3 Bxf3 16. gxf3 f6 17. Nxa5 bxa5 18. Bxf6 Rhf8 19. Be5 Nh4 20. Be2 Qh3 0-1

[Event "Druzynowe Mistrzostwa Polski Juniorow - II Liga"]
[Site "Iwonicz"]
[Date "2016-07-31"]
[Round "6.77"]
[White "Luka, Agnieszka"]
[Black "Filipska, Maja"]
[Result "0-1"]
[WhiteTitle "II"]
[BlackTitle "I+"]
[WhiteElo "1307"]
[BlackElo "1406"]

1. d4 d6 2. c4 Nd7 3. e4 e5 4. d5 g6 5. Nc3 Bg7 6. Bd3 Ne7 7. Nge2 O-O 8. O-O a5
9. Be3 f5 10. f4 fxe4 11. Bxe4 Nf5 12. Bd2 Qe7 13. a3 Nc5 14. Qc2 exf4 15. Bxf4
Nd4 16. Qd1 Nxe2+ 17. Qxe2 Bxc3 18. bxc3 Qxe4 19. Qxe4 Nxe4 0-1

[Event "Druzynowe Mistrzostwa Polski Juniorow - II Liga"]
[Site "Iwonicz"]
[Date "2016-07-31"]
[Round "6.78"]
[White "Wyrzykowska, Aleksandra"]
[Black "Polak, Sylwia"]
[Result "1/2-1/2"]
[WhiteTitle "I"]
[BlackTitle "II"]
[WhiteElo "1251"]
[BlackElo "1128"]

1. e4 c5 2. Nf3 e6 3. d4 cxd4 4. Nxd4 a6 5. Nc3 Nc6 6. Nf3 Bb4 7. Qd3 Qc7 8. Bd2
Nge7 9. Be2 b5 10. O-O O-O 11. a3 Ba5 12. b4 Bb6 13. Be3 Bxe3 14. Qxe3 Bb7 15.
Rfd1 Rac8 16. Rd3 Rfd8 17. Rad1 Ng6 18. Qc5 Nce5 19. Qxc7 Rxc7 20. Nxe5 Nxe5 21.
Re3 Nc4 22. Bxc4 Rxc4 23. Rdd3 Kf8 24. f3 Ke7 25. e5 Rdc8 26. Kf2 R8c7 27. Kg3
f6 28. exf6+ Kxf6 29. Ne4+ Bxe4 30. Rxe4 Rxe4 31. fxe4 Rxc2 32. Rxd7 Rc3+ 33.
Kf4 e5+ 34. Kg4 Rxa3 35. Rb7 Ra2 36. Rb6+ Kf7 37. Kf3 Ra3+ 38. Kf2 h6 39. Ke2
Ra2+ 40. Kf3 Ke7 41. Kg3 Rb2 42. Rxa6 Rxb4 43. Kf3 Rb2 44. Rb6 b4 45. h3 h5 46.
Ke3 g5 47. Rg6 1/2-1/2

[Event "Druzynowe Mistrzostwa Polski Juniorow - II Liga"]
[Site "Iwonicz"]
[Date "2016-07-31"]
[Round "6.79"]
[White "Hasterok, Mateusz"]
[Black "Stochnialek, Dominika"]
[Result "1-0"]
[WhiteTitle "II+"]
[BlackTitle "I"]
[WhiteElo "1695"]
[BlackElo "1439"]

1. d4 Nf6 2. c4 c5 3. d5 b5 4. cxb5 a6 5. b6 g6 6. Qb3 Bb7 7. Nc3 d6 8. a4 a5 9.
Bf4 Bg7 10. e4 Nbd7 11. Bb5 O-O 12. Nge2 Qxb6 13. Qc2 Ba6 14. O-O Bxb5 15. Nxb5
Ne8 16. Nec3 Nc7 17. Nxc7 Qxc7 18. Nb5 Qb7 19. Rfe1 Ne5 20. Ra3 c4 21. Bxe5 Bxe5
22. Qxc4 Rfc8 23. Qe2 Rc5 24. Ra2 Rac8 25. b3 Bc3 26. Rc1 Bb4 27. Rac2 Qb6 28.
Rc4 h6 29. g3 Kg7 30. Nd4 Rxc4 31. Rxc4 Rxc4 32. Qxc4 Qc5 33. Qxc5 dxc5 34. Nc6
Kf8 35. Kf1 Ke8 36. Nxb4 cxb4 37. Ke2 Kd7 38. Kd3 f5 39. e5 Kc7 40. Kc4 Kb6 41.
Kd4 g5 42. f4 g4 43. Kc4 h5 44. Kd4 1-0

[Event "Druzynowe Mistrzostwa Polski Juniorow - II Liga"]
[Site "Iwonicz"]
[Date "2016-07-31"]
[Round "6.80"]
[White "Kus, Aleksander"]
[Black "Charczenko, Dominik"]
[Result "1-0"]
[WhiteTitle "I"]
[BlackTitle "II"]
[WhiteElo "1818"]
[BlackElo "1596"]

1. e4 e5 2. Nf3 Nc6 3. Bb5 a6 4. Ba4 Nf6 5. Qe2 b5 6. Bb3 Bc5 7. c3 d6 8. O-O h6
9. Rd1 Bg4 10. h3 Bxf3 11. Qxf3 O-O 12. d3 Qe7 13. Nd2 Nh7 14. Nf1 Qf6 15. Bd5
Ne7 16. Qxf6 Nxf6 17. Bxa8 Rxa8 18. Be3 Bxe3 19. Nxe3 g5 20. a4 Rb8 21. axb5 Rxb5
22. b4 Ng6 23. Rxa6 Nf4 24. Kf1 h5 25. Ra7 g4 26. hxg4 hxg4 27. Rxc7 Rb8 28. Nf5
Ra8 29. b5 Ra2 30. b6 g3 31. fxg3 Nxg2 32. b7 Ng4 33. b8=Q+ Kh7 1-0

[Event "Druzynowe Mistrzostwa Polski Juniorow - II Liga"]
[Site "Iwonicz"]
[Date "2016-07-31"]
[Round "6.81"]
[White "Hasterok, Lukasz"]
[Black "Poltorak, Sebastian"]
[Result "1/2-1/2"]
[WhiteTitle "III"]
[BlackTitle "I"]
[WhiteElo "1185"]
[BlackElo "1707"]

1. e4 c6 2. d4 d5 3. Nc3 dxe4 4. Nxe4 Bf5 5. Ng3 Bg6 6. h4 h6 7. h5 Bh7 8. Bd3
Bxd3 9. Qxd3 e6 10. N1e2 Nd7 11. Bf4 Qa5+ 12. Nc3 Ngf6 13. a3 Be7 14. O-O-O O-O
15. Nge4 Rad8 16. Qf3 Nxe4 17. Nxe4 Nf6 18. Nxf6+ Bxf6 19. Bxh6 Rxd4 20. Rxd4
Bxd4 21. Be3 Qe5 22. Bxd4 Qxd4 23. h6 g6 24. g4 Qd5 25. Qxd5 cxd5 26. g5 Kh7 27.
f4 Rc8 28. Kd2 Rc4 29. Rf1 b5 30. b3 Rc5 31. Kd3 Rc6 32. Re1 a5 33. Re2 Ra6 34.
Re3 Rc6 35. Re2 Kg8 36. Rh2 Rc8 37. Rf2 Kh7 38. Kd2 Ra8 39. Re2 a4 40. b4 Rc8
1/2-1/2

[Event "Druzynowe Mistrzostwa Polski Juniorow - II Liga"]
[Site "Iwonicz"]
[Date "2016-07-31"]
[Round "6.85"]
[White "Szustakowski, Antoni"]
[Black "Marczak, Szymon"]
[Result "1/2-1/2"]
[WhiteTitle "I++"]
[BlackTitle "I"]
[WhiteElo "2033"]
[BlackElo "1709"]

1. d4 d5 2. c4 dxc4 3. Nf3 Nf6 4. e3 e6 5. Bxc4 c5 6. O-O a6 7. Bb3 Nc6 8. Nc3
Be7 9. dxc5 Qxd1 10. Rxd1 Bxc5 11. Bd2 O-O 12. Rac1 Rd8 13. Nd5 Ne4 14. Nf4 b6
15. Be1 Bb7 16. Ba4 Rxd1 17. Rxd1 Rd8 18. Rc1 Nb4 19. a3 Nd5 20. Nxd5 Bxd5 21.
b4 Bd6 22. Nd4 b5 23. Bc2 g6 24. f3 Nf6 25. e4 Bf4 26. Rd1 Bb7 27. Nb3 Rxd1 28.
Bxd1 Nd7 29. Bg3 Bxg3 30. hxg3 f5 31. Na5 Ba8 32. exf5 gxf5 33. Kf2 Kf7 34. Ke3
Kf6 35. Bb3 e5 36. Bg8 h6 37. Nb3 Ke7 38. Nc1 Kd6 39. Kd3 Nb6 40. Nb3 Na4 41.
Nd2 Bd5 42. Bh7 Be6 43. Bg6 Nb2+ 44. Kc2 Na4 45. Nf1 Nb6 46. Ne3 f4 47. gxf4 exf4
48. Nf5+ Bxf5+ 49. Bxf5 Ke5 50. Be4 Nc4 51. Bb7 Nxa3+ 52. Kd3 Nc4 53. Bxa6 Nd6
54. Kc3 Kd5 55. Kd3 h5 56. Kc3 Kc6 57. Kd4 Nf5+ 58. Ke4 Nh4 59. Kxf4 Nxg2+ 60.
Kg5 Ne3 61. f4 Nd5 62. f5 Kd6 63. Bxb5 Ke7 64. Kg6 Kf8 65. Bc4 Nxb4 66. Kxh5 Nc6
67. Kg5 Ne5 68. Bd5 Nd7 69. Bc6 Ne5 70. Ba4 Nf3+ 71. Kf4 Nd4 72. f6 Kf7 73. Ke5
Nf3+ 74. Kf5 Nh4+ 75. Kg5 Nf3+ 76. Kf5 Nh4+ 77. Kg4 Kxf6 78. Kxh4 1/2-1/2

[Event "Druzynowe Mistrzostwa Polski Juniorow - II Liga"]
[Site "Iwonicz"]
[Date "2016-07-31"]
[Round "6.86"]
[White "Franek, Krzysztof"]
[Black "Kozlowski, Bartlomiej"]
[Result "0-1"]
[WhiteTitle "III"]
[BlackTitle "II"]
[WhiteElo "1134"]
[BlackElo "1474"]

1. e4 e5 2. Nf3 Nc6 3. Bc4 Bc5 4. c3 Nf6 5. O-O d6 6. d4 Bb6 7. Re1 Bg4 8. d5 Ne7
9. Bg5 Ng6 10. Bb5+ Kf8 11. h3 Bc8 12. Nbd2 h6 13. Be3 Bd7 14. Bd3 Qc8 15. Bf1
c6 16. c4 Ba5 17. g4 h5 18. g5 Nxe4 19. Nxe4 Bxe1 20. Qxe1 Bxh3 21. Nh2 Nh4 22.
Be2 Qd7 23. dxc6 bxc6 24. b4 f6 25. Ng3 Bg4 26. Qd1 f5 27. Bc5 Ke7 28. Nxg4 hxg4
29. Nxf5+ Nxf5 30. Bxg4 dxc5 31. Qxd7+ Kxd7 32. Bxf5+ Kc7 33. bxc5 Rhf8 34. Bg4
Rf4 35. f3 Rxc4 36. Rd1 Rd8 37. Re1 Rxc5 38. Re2 Rd1+ 39. Kf2 Rcd5 40. Kg3 R1d2
41. Rxd2 Rxd2 42. Be6 c5 43. Kg4 Kd6 44. Kf5 Rf2 45. Bf7 Rxf3+ 46. Kg6 Ke7 47.
Bb3 Kf8 48. Be6 Rf2 49. Bd5 c4 50. Bxc4 e4 51. a4 e3 52. Bd3 e2 53. Bxe2 Rxe2
54. Kf5 Ra2 55. Ke4 Rxa4+ 0-1

[Event "Druzynowe Mistrzostwa Polski Juniorow - II Liga"]
[Site "Iwonicz"]
[Date "2016-07-31"]
[Round "6.89"]
[White "Reszka, Zofia"]
[Black "Zamarska, Sylwia"]
[Result "0-1"]
[WhiteTitle "II+"]
[BlackTitle "I+"]
[WhiteElo "1127"]
[BlackElo "1601"]

1. e4 c6 2. d4 d5 3. Nc3 dxe4 4. Nxe4 Bf5 5. Ng3 Bg6 6. Nf3 Nd7 7. Bd3 Ngf6 8.
O-O Qc7 9. Re1 O-O-O 10. c4 e6 11. Qc2 Bd6 12. c5 Bxd3 13. Qxd3 Bxg3 14. hxg3
Nxc5 15. Qa3 Na6 16. Bf4 Qb6 17. Rad1 Qb4 18. Qc3 Nd5 19. Qxb4 Naxb4 20. a3 Nxf4
21. gxf4 Nd5 22. g3 Nb6 23. b3 Rd5 24. a4 h6 25. Re5 Rhd8 26. Rde1 Kc7 27. Rxd5
Rxd5 28. Re5 Rxe5 29. fxe5 Nd5 30. Kf1 b5 31. axb5 cxb5 32. Ke2 Kb6 33. Kd3 Ka5
34. Kc2 Kb4 35. Nd2 a5 36. Ne4 a4 37. bxa4 bxa4 38. Kb2 a3+ 39. Ka1 Kc4 40. Nd6+
Kb3 41. Nxf7 Nb4 42. Kb1 a2+ 43. Kc1 a1=Q+ 44. Kd2 Qxd4+ 45. Kc1 Na2+ 46. Kb1
Qb2# 0-1

[Event "Druzynowe Mistrzostwa Polski Juniorow - II Liga"]
[Site "Iwonicz"]
[Date "2016-07-31"]
[Round "7.1"]
[White "Molenda, Marcin"]
[Black "Leskiewicz, Ignacy"]
[Result "1-0"]
[WhiteTitle "k"]
[BlackTitle "I"]
[WhiteElo "2267"]
[BlackElo "1921"]

1. d4 Nf6 2. Nf3 g6 3. c4 Bg7 4. g3 O-O 5. Bg2 d6 6. O-O Nc6 7. Nc3 a6 8. h3 Rb8
9. e4 b5 10. d5 Na5 11. cxb5 axb5 12. b4 Nc4 13. Nd4 Bd7 14. Qd3 Qc8 15. Ncxb5
Ne5 16. Qe2 Bxh3 17. Bd2 c5 18. Rfc1 Bxg2 19. Kxg2 Qg4 20. f3 Nxf3 21. Qxf3 cxd4
22. Qxg4 Nxg4 23. a4 Ne3+ 24. Bxe3 dxe3 25. Rab1 f5 26. Kf3 fxe4+ 27. Kxe4 Rf5
28. Nc7 e2 29. a5 Re5+ 30. Kd3 Rc8 31. a6 e1=Q 32. Rxe1 Rxe1 33. Rxe1 Rxc7 34.
Re4 Rc3+ 35. Ke2 Ra3 36. b5 Ra5 37. Rb4 Bd4 38. Rxd4 Rxb5 39. Ra4 Rb8 40. a7 Ra8
41. Kd3 Kf7 42. Kc4 e6 43. Kb5 exd5 44. Kc6 Ke6 45. Kb7 Rxa7+ 46. Kxa7 Ke5 47.
Kb6 d4 48. Kb5 h5 49. Kc4 Ke4 50. Ra5 d3 51. Rd5 Kf3 52. Rxd3+ Kg2 53. Kd4 g5
54. Ke4 d5+ 55. Kf5 h4 56. gxh4 gxh4 1-0

[Event "Druzynowe Mistrzostwa Polski Juniorow - II Liga"]
[Site "Iwonicz"]
[Date "2016-07-31"]
[Round "7.2"]
[White "Krol, Marcin"]
[Black "Drozniak, Stanislaw"]
[Result "0-1"]
[WhiteTitle "I"]
[BlackTitle "I++"]
[WhiteElo "1626"]
[BlackElo "2135"]

1. d4 Nf6 2. Nf3 g6 3. c4 Bg7 4. Nc3 O-O 5. e4 d6 6. Be2 e5 7. d5 a5 8. O-O Na6
9. a3 Nc5 10. Qc2 a4 11. Be3 Nfd7 12. Nd2 f5 13. exf5 gxf5 14. f4 e4 15. b4 axb3
16. Nxb3 Nxb3 17. Qxb3 Nc5 18. Qc2 Qf6 19. Nb5 c6 20. Bd4 Qe7 21. Bxg7 Qxg7 22.
Nc3 cxd5 23. Nxd5 Be6 24. Rfd1 Bxd5 25. cxd5 Ra5 26. Ra2 Rfa8 27. Rda1 Qd4+ 28.
Kh1 Nd3 29. Bxd3 exd3 30. Qd2 Rxa3 31. Rxa3 Qxa1+ 0-1

[Event "Druzynowe Mistrzostwa Polski Juniorow - II Liga"]
[Site "Iwonicz"]
[Date "2016-07-31"]
[Round "7.3"]
[White "Galuszka, Tomasz"]
[Black "Nowak, Mikolaj"]
[Result "0-1"]
[WhiteTitle "II+"]
[BlackTitle "I++"]
[WhiteElo "1768"]
[BlackElo "2091"]

1. e4 e5 2. Nf3 Nc6 3. Bb5 Nge7 4. O-O g6 5. d4 exd4 6. Nxd4 Bg7 7. c3 O-O 8. Be3
a6 9. Bc4 Ne5 10. Bb3 d5 11. exd5 Nxd5 12. Nc2 Nxe3 13. Qxd8 Rxd8 14. Nxe3 c6
15. Na3 b5 16. Rad1 Bb7 17. Bc2 Nd7 18. Rd2 Nb6 19. Rfd1 Rxd2 20. Rxd2 f5 21.
Kf1 Re8 22. Bb3+ Kf8 23. c4 b4 24. Nac2 f4 25. Nd1 c5 26. Rd6 Nc8 27. Rd7 Bc6
28. Rc7 Ne7 29. Ra7 Ra8 30. Rxa8+ Bxa8 31. Ne1 Bd4 32. Bc2 Kf7 33. f3 Ke6 34.
b3 h6 35. Ke2 Bc6 36. Nd3 g5 37. N3f2 Bxf2 38. Nxf2 Ke5 39. Kd2 h5 40. h3 Kd4
41. Be4 Bd7 42. h4 gxh4 43. Nd3 Ng8 44. Nxf4 Nf6 45. Bg6 a5 46. Bxh5 Nxh5 47.
Nxh5 a4 48. Nf4 a3 49. Ne2+ Ke5 50. Ke3 Bf5 51. f4+ Kf6 52. Nc1 Bb1 53. Kd2 Be4
54. Ke3 Bxg2 55. Nd3 h3 56. Kf2 Be4 57. Nxc5 Bb1 58. Nd7+ Ke7 59. Nb6 Bxa2 60.
Nd5+ Kd6 61. Nxb4 Bxb3 62. Kg3 Kc5 63. Nd3+ Kxc4 64. Nc1 Bc2 65. Kxh3 Kc3 66.
Na2+ Kb3 67. Nc1+ Kb2 68. Ne2 a2 0-1

[Event "Druzynowe Mistrzostwa Polski Juniorow - II Liga"]
[Site "Iwonicz"]
[Date "2016-07-31"]
[Round "7.4"]
[White "Klimkowski, Jan"]
[Black "Gazik, Jakub"]
[Result "1-0"]
[WhiteTitle "II"]
[BlackTitle "II"]
[WhiteElo "1443"]
[BlackElo "1509"]

1. e4 e6 2. d4 d5 3. Nd2 Nf6 4. e5 Nfd7 5. Ngf3 c5 6. c3 Nc6 7. Bd3 cxd4 8. cxd4
Qb6 9. Qa4 f6 10. exf6 Nxf6 11. O-O Bd7 12. Re1 Nb4 13. Qb3 Nxd3 14. Qxd3 Bd6
15. Ne5 O-O 16. Ndf3 Bb5 17. Qb3 Ne4 18. Be3 Qa6 19. a4 Be8 20. Ng5 Nxg5 21. Bxg5
Rf5 22. Bh4 Rf4 23. Nf3 Bh5 24. Bg3 Rf6 25. Ne5 Bxe5 26. Bxe5 Rff8 27. Rac1 Rac8
28. Qh3 Bf7 29. Qg4 Bg6 30. h4 Rxc1 31. Rxc1 Qd3 32. Rc7 Qb1+ 33. Kh2 1-0

[Event "Druzynowe Mistrzostwa Polski Juniorow - II Liga"]
[Site "Iwonicz"]
[Date "2016-07-31"]
[Round "7.5"]
[White "Kordela, Monika"]
[Black "Dwilewicz, Katarzyna"]
[Result "0-1"]
[WhiteTitle "I"]
[BlackTitle "I++"]
[WhiteElo "1783"]
[BlackElo "1786"]

1. d4 d5 2. c4 dxc4 3. Qa4+ Nc6 4. Nf3 Nf6 5. Qxc4 Qd5 6. Qxd5 Nxd5 7. e4 Ndb4
8. Na3 Bg4 9. d5 Bxf3 10. dxc6 Bxe4 11. cxb7 Bxb7 12. Bf4 Nd5 13. Bg3 e6 14. Nb5
Bb4+ 15. Kd1 O-O 16. Nxc7 Nxc7 17. Bxc7 Rac8 18. Rc1 Bd5 19. b3 a5 20. f3 a4 21.
bxa4 Bxa2 22. Bb5 Ba3 23. Rc3 Bb2 24. Rc5 Bd4 25. Rc1 Be3 26. Rc3 Bf4 27. Ba5
Rxc3 28. Bxc3 Rc8 29. Be1 Bb3+ 30. Ke2 Rc2+ 31. Kf1 Ra2 32. a5 Bc7 33. a6 Bb6
34. h4 h5 35. Rh3 e5 36. Rg3 Be6 37. Rg5 f6 38. Rg3 Be3 39. f4 exf4 40. Rf3 Kh8
41. Rf2 Bxf2 42. Bxf2 Bd5 43. a7 Ra1+ 44. Ke2 Bxg2 45. Be8 Ra2+ 46. Ke1 Bf3 47.
Bg6 Re2+ 48. Kf1 Ra2 49. Ke1 Kg8 50. Bc5 Ra5 51. Bb6 Ra6 52. Bc5 Kh8 53. Kf2 Bd5
54. Bxh5 Ra2+ 55. Kf1 Kh7 56. Be2 f3 57. Bd3+ Kh6 58. Bd4 Kh5 59. Bb1 Ra4 60.
Bb2 Rxa7 0-1